000 00292nam a22001217a 4500
008 180803b xxu||||| |||| 00| 0 eng d
082 _a813.52
245 _aMay be the Greatest Film ever made
_cVigo,J
260 _c1990
300 _a1
_fCassette
440 _x717119054236
942 _2ddc
_cMX
999 _c46751
_d46751